[Event "20th EUR-ch"]
[Site "Skopje MKD"]
[Date "2019.03.26"]
[Round "8"]
[White "Sadikhov, Ulvi"]
[Black "Stoyanov, Tsvetan"]
[Result "1/2-1/2"]
[WhiteElo "2488"]
[BlackElo "2370"]
[EventDate "2019.03.18"]
[Board "93"]
[PlyCount "91"]

1.e4 d6 2.d4 g6 3.Nc3 Bg7 4.g3 Nf6 5.Bg2 O-O 6.Nge2 Nbd7 7.h3 e5 8.Be3 a6 
9.a4 b6 10.O-O Bb7 11.g4 exd4 12.Bxd4 Re8 13.Ng3 c5 14.Be3 Ne5 15.f4 Nc4 
16.Bc1 Nd7 17.Qd3 Na5 18.Be3 Nf8 19.Rad1 Ne6 20.Nge2 Nc6 21.Nd5 Ned4 22.
Nc1 Ne7 23.Bf2 Nxd5 24.exd5 b5 25.c3 c4 26.Qd2 Nb3 27.Nxb3 cxb3 28.Bd4 
bxa4 29.Bxg7 Kxg7 30.Qd4+ Kg8 31.Qxa4 Qb6+ 32.Qd4 Qxd4+ 33.Rxd4 a5 34.Bf3 
Ba6 35.Ra1 Bb5 36.Kf2 a4 37.Rb4 Rab8 38.Re1 Rec8 39.Rc1 Re8 40.g5 Bd7 41.
Rxb8 Rxb8 42.Bg4 Bb5 43.Be2 Bd7 44.Bg4 Bb5 45.Be2 Bd7 46.Bg4 1/2-1/2

[Event "20th EUR-ch"]
[Site "Skopje MKD"]
[Date "2019.03.26"]
[Round "8"]
[White "Ozen, Deniz"]
[Black "Plenca, Jadranko"]
[Result "1-0"]
[WhiteElo "2393"]
[BlackElo "2487"]
[EventDate "2019.03.18"]
[Board "94"]
[PlyCount "75"]

1.e4 e5 2.Nf3 Nc6 3.Bb5 Bc5 4.O-O Qf6 5.d3 d6 6.Be3 Ne7 7.Bxc5 dxc5 8.Nc3 
O-O 9.Bxc6 Nxc6 10.Nd5 Qd6 11.Ne3 Be6 12.h3 Rad8 13.Nd2 g6 14.Ndc4 Qe7 15.
Qe1 Qg5 16.Kh1 f5 17.Nxe5 Nxe5 18.f4 Qh5 19.exf5 gxf5 20.fxe5 f4 21.Rxf4 
Qg5 22.Rxf8+ Rxf8 23.Kh2 Qxe5+ 24.Qg3+ Qxg3+ 25.Kxg3 Kg7 26.b3 Kg6 27.Re1 
b6 28.Nc4 Bxc4 29.dxc4 Rf7 30.Re2 a5 31.a4 h5 32.Kh4 Rf4+ 33.g4 hxg4 34.
hxg4 Rf7 35.Re6+ Kg7 36.Kg5 Rd7 37.Kf5 Kf7 38.Rc6 1-0

[Event "20th EUR-ch"]
[Site "Skopje MKD"]
[Date "2019.03.26"]
[Round "8"]
[White "Radovanovic, Mihajlo"]
[Black "Kalogeris, Ioannis"]
[Result "1/2-1/2"]
[WhiteElo "2483"]
[BlackElo "2368"]
[EventDate "2019.03.18"]
[Board "95"]
[PlyCount "78"]

1.Nf3 c5 2.g3 Nc6 3.Bg2 g6 4.O-O Bg7 5.e4 d6 6.d3 Nf6 7.Nc3 O-O 8.h3 Rb8 
9.a4 b6 10.Bf4 e5 11.Be3 Ne8 12.Nd2 Nc7 13.Nc4 a6 14.Bd2 Be6 15.Nd5 Bxd5 
16.exd5 Ne7 17.a5 b5 18.Nb6 Na8 19.Nxa8 Rxa8 20.b4 Rc8 21.c4 Nf5 22.cxb5 
axb5 23.Bc3 cxb4 24.Bxb4 Nd4 25.Ra2 Re8 26.Qb1 Bh6 27.Qb2 Re7 28.Bc3 Ne2+ 
29.Qxe2 Rxc3 30.Qb2 Rc5 31.Qb4 Ra7 32.Rb1 Ra6 33.d4 exd4 34.Bf1 Qa8 35.
Bxb5 Qxd5 36.Ra3 Bd2 37.Qxd2 Rxb5 38.Rxb5 Qxb5 39.Qxd4 Rxa5 1/2-1/2

[Event "20th EUR-ch"]
[Site "Skopje MKD"]
[Date "2019.03.26"]
[Round "8"]
[White "Plenkovic, Zdenko"]
[Black "Livaic, Leon"]
[Result "0-1"]
[WhiteElo "2383"]
[BlackElo "2477"]
[EventDate "2019.03.18"]
[Board "96"]
[PlyCount "70"]

1.e4 c5 2.Nf3 d6 3.d4 cxd4 4.Nxd4 Nf6 5.Nc3 a6 6.Be3 e5 7.Nb3 Be6 8.Qd2 
Nbd7 9.f3 h5 10.O-O-O g6 11.Kb1 Qc7 12.g3 b5 13.Nd5 Bxd5 14.exd5 Bg7 15.
Bh3 Nb6 16.Qa5 Nfxd5 17.Bf2 O-O 18.g4 hxg4 19.fxg4 e4 20.Bg2 Rae8 21.Rhe1 
Nc4 22.Qxc7 Nxc7 23.Rxe4 Bxb2 24.Na5 Rxe4 25.Bxe4 Be5 26.Nc6 Bxh2 27.Bd4 
Re8 28.Bf3 Ne5 29.Bb6 Nxf3 30.Bxc7 Re4 31.Rd3 Ne5 32.Rh3 Nxc6 33.Rxh2 Ne5 
34.g5 Nc4 35.a4 Re8 0-1

[Event "20th EUR-ch"]
[Site "Skopje MKD"]
[Date "2019.03.26"]
[Round "8"]
[White "Bakalchuk, Johnatan"]
[Black "Serarols Mabras, Bernat"]
[Result "0-1"]
[WhiteElo "2471"]
[BlackElo "2363"]
[EventDate "2019.03.18"]
[Board "97"]
[PlyCount "88"]

1.e4 c6 2.d4 d5 3.exd5 cxd5 4.c4 Nf6 5.Nc3 Nc6 6.Nf3 Be6 7.Ng5 Bg4 8.f3 
Bc8 9.cxd5 Nxd5 10.f4 e6 11.a3 Be7 12.Nf3 O-O 13.Bd3 Bf6 14.Bc2 Nde7 15.
Qd3 g6 16.Be3 Nf5 17.O-O-O Nxe3 18.Qxe3 Ne7 19.g4 b5 20.h4 b4 21.axb4 Bb7 
22.h5 Nd5 23.Nxd5 Qxd5 24.Ng5 Bxg5 25.fxg5 Rfc8 26.Rh2 Rc7 27.Kb1 a5 28.
Qe5 Qxe5 29.dxe5 axb4 30.Rd4 Bd5 31.Rxb4 Rca7 32.Kc1 Ra5 33.Rh3 Ra1+ 34.
Kd2 Rg1 35.Bd3 Rg2+ 36.Ke3 Rd8 37.Rd4 Rxb2 38.Rh4 Ra8 39.Rh3 Ra1 40.Rxd5 
exd5 41.Kd4 Rb4+ 42.Kxd5 Rxg4 43.hxg6 hxg6 44.e6 Rxg5+ 0-1

[Event "20th EUR-ch"]
[Site "Skopje MKD"]
[Date "2019.03.26"]
[Round "8"]
[White "Drazic, Sinisa"]
[Black "Pavlov, Sergey"]
[Result "0-1"]
[WhiteElo "2370"]
[BlackElo "2471"]
[EventDate "2019.03.18"]
[Board "98"]
[PlyCount "194"]

1.e4 c5 2.Nf3 e6 3.c3 Nf6 4.e5 Nd5 5.g3 Nc6 6.Bg2 Qc7 7.Qe2 d6 8.exd6 Bxd6
9.Na3 a6 10.Nc4 Be7 11.a4 b6 12.O-O Bb7 13.d3 h6 14.Nfe5 Nxe5 15.Nxe5 Nf6 
16.Bf4 Qc8 17.Nc4 Bxg2 18.Kxg2 Nd5 19.Qf3 Nxf4+ 20.Qxf4 O-O 21.Qe4 Qc7 22.
Rfd1 Rac8 23.h4 Rfd8 24.Ne3 Bf6 25.Ng4 Be7 26.Ne3 h5 27.Rd2 g6 28.Rdd1 Bf6
29.Ra3 Bg7 30.Rb3 Rb8 31.Ra3 Qd7 32.Qf3 Rbc8 33.Raa1 Qc7 34.Qe4 Rd7 35.Kf1
Rcd8 36.Ke2 Bh6 37.Kf1 Bxe3 38.Qxe3 c4 39.d4 e5 40.Qf3 exd4 41.cxd4 Rxd4 
42.Rxd4 Rxd4 43.Re1 Qd8 44.Qc6 Kg7 45.Re3 Rd1+ 46.Kg2 Qd5+ 47.Qxd5 Rxd5 
48.b3 cxb3 49.Rxb3 b5 50.axb5 axb5 51.Kf3 Kf6 52.Ra3 Rd6 53.Ke4 Ke6 54.Ra7
f5+ 55.Ke3 Kd5 56.Kd3 Ke5+ 57.Kc3 b4+ 58.Kc2 Re6 59.Kb3 Kd4 60.Ra2 Rb6 61.
Re2 Kd5 62.Re3 Re6 63.Rd3+ Kc5 64.Rd8 Re2 65.Rg8 Rxf2 66.Rxg6 Rf3+ 67.Kb2 
Kc4 68.Rc6+ Kd4 69.Rg6 f4 70.gxf4 Rxf4 71.Kb3 Ke3 72.Rg3+ Kf2 73.Rg5 Rxh4 
74.Rf5+ Kg3 75.Rg5+ Kf4 76.Rb5 Kf3 77.Rf5+ Ke3 78.Re5+ Kd2 79.Rd5+ Ke2 80.
Re5+ Kf2 81.Rf5+ Kg3 82.Rg5+ Kf4 83.Rb5 Rh1 84.Rxb4+ Kg3 85.Kc2 h4 86.Kd2 
h3 87.Rb8 Rg1 88.Rg8+ Kh2 89.Rh8 Rg3 90.Re8 Kg2 91.Re2+ Kf3 92.Re3+ Kf4 
93.Re8 h2 94.Rh8 Rg2+ 95.Kd3 Kf3 96.Rh3+ Kf2 97.Kd2 Kg1+ 0-1

[Event "20th EUR-ch"]
[Site "Skopje MKD"]
[Date "2019.03.26"]
[Round "8"]
[White "Garayev, Kanan"]
[Black "Schreiner, Peter"]
[Result "1/2-1/2"]
[WhiteElo "2368"]
[BlackElo "2471"]
[EventDate "2019.03.18"]
[Board "99"]
[PlyCount "53"]

1.d4 Nf6 2.c4 g6 3.Nc3 d5 4.cxd5 Nxd5 5.Bd2 Nb6 6.Nf3 Bg7 7.e3 O-O 8.Rc1 
Nc6 9.Bb5 Bd7 10.Na4 Ne5 11.Nxe5 Bxb5 12.Nxb6 axb6 13.Qb3 c6 14.Nc4 Qd5 
15.O-O Bxc4 16.Rxc4 b5 17.Rc5 Qxb3 18.axb3 Rfd8 19.Rc2 e5 20.dxe5 Bxe5 21.
Bc3 Bg7 22.Rfc1 Rd3 23.Kf1 b4 24.Ke2 Rad8 25.Rd2 Rxd2+ 26.Bxd2 Bxb2 27.Rc2
1/2-1/2

[Event "20th EUR-ch"]
[Site "Skopje MKD"]
[Date "2019.03.26"]
[Round "8"]
[White "Tutisani, Noe"]
[Black "Dimic, Pavle"]
[Result "1-0"]
[WhiteElo "2467"]
[BlackElo "2351"]
[EventDate "2019.03.18"]
[Board "100"]
[PlyCount "155"]

1.e4 c5 2.Nf3 Nc6 3.d4 cxd4 4.Nxd4 Nf6 5.Nc3 d6 6.Bc4 e6 7.Be3 Be7 8.Qe2 
a6 9.Bb3 Nxd4 10.Bxd4 b5 11.a3 O-O 12.O-O-O Bb7 13.f4 Qb8 14.Rhf1 e5 15.
Be3 b4 16.axb4 a5 17.fxe5 dxe5 18.Bc5 axb4 19.Bxe7 bxc3 20.bxc3 Qc7 21.Bb4
Ba6 22.c4 Rfc8 23.Rxf6 gxf6 24.Qg4+ Kh8 25.Rd7 Qb6 26.Rxf7 Rg8 27.Qd7 Qg1+
28.Kb2 Qd4+ 29.Qxd4 exd4 30.Be7 Rgb8 31.Bxf6+ Kg8 32.Rg7+ Kf8 33.Kc1 Rb7 
34.Rg3 Rc8 35.c5 Rxb3 36.Rxb3 Rxc5 37.Bxd4 Rh5 38.h3 Ke7 39.g4 Rh6 40.Rb6 
Rxb6 41.Bxb6 Bb7 42.e5 Ke6 43.Bc7 Bg2 44.h4 h6 45.Kd2 Bf3 46.g5 hxg5 47.
hxg5 Kf5 48.Bd8 Kxe5 49.g6 Bh5 50.g7 Bf7 51.Ke3 Bg8 52.Bb6 Bf7 53.Bd4+ Kd5
54.c3 Bg8 55.Kf4 Kd6 56.Be5+ Kd7 57.Ke4 Kc6 58.Bd4 Ba2 59.Ke5 Bg8 60.Be3 
Kd7 61.Kd4 Kc6 62.c4 Bf7 63.Kc3 Be6 64.Kb4 Bf7 65.c5 Bg8 66.Ka5 Be6 67.Ka6
Bd5 68.Ka7 Kc7 69.Bf4+ Kc6 70.Bd6 Bf7 71.Kb8 Be6 72.Bf8 Kd7 73.Kb7 Bd5+ 
74.Kb6 Bg8 75.c6+ Kc8 76.c7 Bf7 77.Bd6 Bg8 78.Be5 1-0

[Event "20th EUR-ch"]
[Site "Skopje MKD"]
[Date "2019.03.26"]
[Round "8"]
[White "Borsuk, Konstantin"]
[Black "Costachi, Mihnea"]
[Result "0-1"]
[WhiteElo "2346"]
[BlackElo "2466"]
[EventDate "2019.03.18"]
[Board "101"]
[PlyCount "136"]

1.d4 Nf6 2.c4 g6 3.Nc3 Bg7 4.e4 d6 5.Nf3 O-O 6.Be2 Nbd7 7.O-O e5 8.Be3 Re8
9.d5 Nh5 10.g3 Bf8 11.Ne1 Ng7 12.Nd3 f5 13.f3 Be7 14.Qd2 Nf6 15.exf5 gxf5 
16.f4 e4 17.Nf2 c5 18.h3 Kh8 19.Kh2 Rg8 20.Rg1 a6 21.g4 Bd7 22.Rg2 b5 23.
Rag1 bxc4 24.Bxc4 Qe8 25.Rg3 fxg4 26.hxg4 Bxg4 27.Ncxe4 Qh5+ 28.Kg2 Bf3+ 
29.Rxf3 Nf5+ 30.Ng5 Nh4+ 31.Kf1 Nxf3 32.Nxf3 Qxf3 33.Rxg8+ Rxg8 34.Qe2 
Qxe2+ 35.Kxe2 h5 36.Bxa6 Rb8 37.b3 Nxd5 38.Bd2 Nf6 39.Bd3 d5 40.Kf3 Kg7 
41.Bc3 Bd6 42.Nh3 Kf7 43.Ng5+ Ke7 44.Be1 Kd7 45.Bh4 Rb4 46.Bf5+ Kc6 47.Ne6
Ne4 48.Bg6 Kd7 49.Bf5 Kc6 50.Bg6 c4 51.bxc4 Nd2+ 52.Ke2 Nxc4 53.Bxh5 Rb2+ 
54.Kf3 Rxa2 55.Be8+ Kb7 56.Bf6 Nd2+ 57.Kg4 Ne4 58.Bd4 Rg2+ 59.Kf3 Rg3+ 60.
Ke2 Ra3 61.Bf7 Ng3+ 62.Kf2 Nf5 63.Bf6 Kb6 64.Bg6 Ng3 65.Bd4+ Kb5 66.Be3 
Kc4 67.Bd4 Ne4+ 68.Ke2 Bxf4 0-1

[Event "20th EUR-ch"]
[Site "Skopje MKD"]
[Date "2019.03.26"]
[Round "8"]
[White "Belyakov, Bogdan"]
[Black "Krykun, Yuriy"]
[Result "1-0"]
[WhiteElo "2464"]
[BlackElo "2342"]
[EventDate "2019.03.18"]
[Board "102"]
[PlyCount "119"]

1.e4 e5 2.Nf3 Nc6 3.Nc3 Nf6 4.Be2 d5 5.exd5 Nxd5 6.Bb5 Nxc3 7.bxc3 Bd6 8.
d4 exd4 9.cxd4 O-O 10.O-O h6 11.c3 Qf6 12.Re1 Bf5 13.Qe2 Rad8 14.h3 Ne7 
15.Ne5 c6 16.Bc4 Nd5 17.Bd2 Bb8 18.Qf3 Be6 19.Bxd5 Rxd5 20.Qxf6 gxf6 21.
Nd3 Kg7 22.Bf4 Bf5 23.Bxb8 Bxd3 24.Bxa7 Ra8 25.Bc5 Ra6 26.Re3 Bc4 27.a3 b6
28.Be7 Kg6 29.h4 Rf5 30.Rae1 Be6 31.Rg3+ Kh7 32.Ree3 Ra7 33.Bf8 Ra8 34.Bd6
c5 35.dxc5 bxc5 36.Ref3 Rxf3 37.Rxf3 Rxa3 38.Bxc5 Ra1+ 39.Kh2 Ra5 40.Bd4 
Rf5 41.Rxf5 Bxf5 42.Kg3 Kg6 43.Kf4 Bd3 44.g4 Be2 45.h5+ Kg7 46.Kg3 Bc4 47.
f4 Be2 48.Kh4 Bd3 49.g5 hxg5+ 50.fxg5 Kf8 51.Bxf6 Ke8 52.Kg3 Kd7 53.Kf4 
Ke6 54.Ke3 Bf5 55.c4 Bg4 56.h6 Bf5 57.Kd4 Kd6 58.c5+ Ke6 59.Kc4 Be4 60.Kb5
1-0

[Event "20th EUR-ch"]
[Site "Skopje MKD"]
[Date "2019.03.26"]
[Round "8"]
[White "Lazov, Toni"]
[Black "Caspi, Israel"]
[Result "1/2-1/2"]
[WhiteElo "2332"]
[BlackElo "2461"]
[EventDate "2019.03.18"]
[Board "103"]
[PlyCount "85"]

1.e4 d5 2.exd5 Qxd5 3.Nc3 Qd8 4.d4 Nf6 5.Nf3 g6 6.g3 Bg7 7.Bg2 O-O 8.O-O 
c6 9.Re1 Bg4 10.h3 Bxf3 11.Bxf3 e6 12.Bg5 Nbd7 13.Qd2 Re8 14.Rad1 Qb6 15.
b3 Qb4 16.Ne4 Qxd2 17.Rxd2 Nxe4 18.Bxe4 h6 19.Be3 Nf6 20.Bg2 Nd5 21.c4 
Nxe3 22.fxe3 Rad8 23.c5 e5 24.Red1 exd4 25.exd4 Re3 26.d5 Rxg3 27.dxc6 
Rxd2 28.Rxd2 bxc6 29.Rd7 Bf8 30.Kh2 Rc3 31.Bxc6 Bxc5 32.Bd5 Rc2+ 33.Kg3 
Rf2 34.b4 Be3 35.a4 h5 36.a5 Kg7 37.b5 g5 38.h4 gxh4+ 39.Kxh4 Kg6 40.b6 
axb6 41.Bxf7+ Rxf7 42.Rxf7 Kxf7 43.axb6 1/2-1/2

[Event "20th EUR-ch"]
[Site "Skopje MKD"]
[Date "2019.03.26"]
[Round "8"]
[White "Kevlishvili, Robby"]
[Black "Mitsis, Georgios"]
[Result "1-0"]
[WhiteElo "2461"]
[BlackElo "2338"]
[EventDate "2019.03.18"]
[Board "104"]
[PlyCount "105"]

1.e4 e6 2.d4 d5 3.Nd2 c5 4.Ngf3 cxd4 5.Nxd4 Nc6 6.Bb5 Bd7 7.Nxc6 Bxc6 8.
Bxc6+ bxc6 9.c4 Nf6 10.Qa4 Qd7 11.e5 Ng8 12.O-O Ne7 13.Nf3 c5 14.Qc2 Nc6 
15.Bg5 d4 16.Bd2 Be7 17.Qe4 O-O 18.Ne1 a5 19.Nd3 Nb4 20.Bxb4 axb4 21.f4 
Ra6 22.b3 Rfa8 23.Rf2 Ra3 24.Nc1 R8a5 25.Rb1 Qc8 26.Rbb2 Qa8 27.Qe2 Qc6 
28.Nd3 Ra8 29.g3 R3a6 30.h4 f5 31.exf6 gxf6 32.Kh2 Kh8 33.Qe1 Qe8 34.Rbe2 
Bf8 35.Qh1 R8a7 36.Qf3 Qg6 37.g4 Qf7 38.f5 e5 39.g5 Bd6 40.Kh3 Re7 41.Rg2 
Qf8 42.Qd5 fxg5 43.Rxg5 h6 44.Rg4 Rg7 45.Rxg7 Kxg7 46.Qe6 Kh8 47.Rg2 e4 
48.Rg6 Bc7 49.Qxe4 Rxg6 50.fxg6 Kg7 51.Kg4 Qf6 52.Nxc5 h5+ 53.Kxh5 1-0

[Event "20th EUR-ch"]
[Site "Skopje MKD"]
[Date "2019.03.26"]
[Round "8"]
[White "Macovei, Andrei"]
[Black "Protopopova, Anastasiya"]
[Result "0-1"]
[WhiteElo "2450"]
[BlackElo "2263"]
[EventDate "2019.03.18"]
[Board "105"]
[PlyCount "68"]

1.e4 c5 2.Nf3 d6 3.d4 cxd4 4.Nxd4 Nf6 5.Nc3 a6 6.f3 e5 7.Nb3 Be6 8.Be3 h5 
9.Nd5 Bxd5 10.exd5 Nbd7 11.Qd2 g6 12.Be2 Bg7 13.O-O b6 14.c4 a5 15.Rac1 
O-O 16.h3 Nc5 17.Na1 Nfd7 18.Nc2 f5 19.Rce1 Qc7 20.Na3 f4 21.Bxc5 Qxc5+ 
22.Kh1 e4 23.fxe4 Qb4 24.Qd3 Qxb2 25.Nb5 Qxa2 26.Nxd6 a4 27.c5 Nxc5 28.Qb5
Qb3 29.Qc6 a3 30.Bc4 Qg3 31.Nb5 g5 32.d6+ Kh8 33.e5 a2 34.e6 f3 0-1

[Event "20th EUR-ch"]
[Site "Skopje MKD"]
[Date "2019.03.26"]
[Round "8"]
[White "Polatel, Ali"]
[Black "Colovic, Aleksandar"]
[Result "0-1"]
[WhiteElo "2220"]
[BlackElo "2449"]
[EventDate "2019.03.18"]
[Board "106"]
[PlyCount "82"]

1.g3 d5 2.Nf3 c6 3.Bg2 Bg4 4.O-O Nd7 5.d4 e6 6.c3 Bd6 7.Re1 f5 8.Qb3 Nb6 
9.Ne5 Bxe5 10.dxe5 Ne7 11.f3 Bh5 12.e4 fxe4 13.fxe4 O-O 14.Bh3 Qd7 15.exd5
cxd5 16.Na3 Nf5 17.Rf1 Be2 18.Rf2 Bd3 19.Bf4 Be4 20.Nb5 Nc4 21.Re1 a6 22.
Nd4 b5 23.Qd1 Kh8 24.b3 Na5 25.Nxf5 Bxf5 26.Bg2 Rac8 27.Bc1 Qe7 28.Ref1 
Rfd8 29.Qh5 Qa7 30.Kh1 Nc6 31.Bg5 Re8 32.Bxd5 Nxe5 33.Bg2 Bg6 34.Qe2 Nd3 
35.Rf3 h6 36.Be3 Qc7 37.Bd2 Rcd8 38.Re3 e5 39.Qg4 Qb6 40.Re2 Rb8 41.Be1 
Rf8 0-1

[Event "20th EUR-ch"]
[Site "Skopje MKD"]
[Date "2019.03.26"]
[Round "8"]
[White "Warmerdam, Max"]
[Black "Isik, Alparslan"]
[Result "1-0"]
[WhiteElo "2448"]
[BlackElo "2180"]
[EventDate "2019.03.18"]
[Board "107"]
[PlyCount "111"]

1.e4 d6 2.d4 Nf6 3.Bd3 e5 4.c3 Nbd7 5.Nf3 g6 6.O-O Bg7 7.Re1 O-O 8.h3 b6 
9.Bg5 Bb7 10.Nbd2 h6 11.Bh4 Qe8 12.Bg3 Nh5 13.Bh2 Qe7 14.a4 a6 15.Nc4 Rfe8
16.Qc2 Qf6 17.Ne3 Nf4 18.Ng4 Qe7 19.Bxf4 exf4 20.Qd2 h5 21.Ngh2 Qf6 22.Re2
Re6 23.Rae1 Rae8 24.b4 g5 25.b5 a5 26.Qc2 Bh6 27.Bc4 R6e7 28.e5 dxe5 29.
dxe5 Nxe5 30.Nxe5 Rxe5 31.Rxe5 Rxe5 32.Rxe5 Qxe5 33.Qg6+ Qg7 34.Qxh5 Bc8 
35.Nf3 g4 36.Ne5 gxh3 37.Bxf7+ Kf8 38.Bd5 Qf6 39.Nc6 hxg2 40.Nd4 Bd7 41.
Bc6 Bxc6 42.bxc6 f3 43.Qd5 Qf7 44.Qd8+ Kg7 45.Qd7 Kf8 46.Qc8+ Qe8 47.Qf5+ 
Qf7 48.Qh3 Bg7 49.Qc8+ Qe8 50.Ne6+ Kf7 51.Qxe8+ Kxe8 52.Nxg7+ Ke7 53.Nf5+ 
Ke6 54.Nd4+ Kd5 55.Nxf3 Kc4 56.Nd4 1-0

[Event "20th EUR-ch"]
[Site "Skopje MKD"]
[Date "2019.03.26"]
[Round "8"]
[White "Emanuel, Yahav"]
[Black "Mazur, Stefan"]
[Result "0-1"]
[WhiteElo "2245"]
[BlackElo "2441"]
[EventDate "2019.03.18"]
[Board "108"]
[PlyCount "70"]

1.e4 e5 2.Nf3 Nc6 3.Bb5 a6 4.Ba4 Nf6 5.O-O Nxe4 6.d4 Be7 7.Re1 b5 8.Rxe4 
d5 9.Nxe5 Nxe5 10.Rxe5 bxa4 11.Nc3 O-O 12.Nxa4 Bd6 13.Re1 Qh4 14.g3 Qh3 
15.Qf3 Bg4 16.Qg2 Qh5 17.f4 Rae8 18.Re3 Bh3 19.g4 Bxg4 20.Nc3 Rxe3 21.Bxe3
Re8 22.Bf2 Bxf4 23.Nxd5 Bxh2+ 24.Qxh2 Qxd5 25.Qxc7 h6 26.c4 Qf5 27.Rc1 Re6
28.Bg3 Re2 29.Qf4 Qh5 30.Rc3 Rxb2 31.Qc1 Rxa2 32.Rc2 Bf3 33.Kf2 Ra5 34.c5 
Be4 35.Qe1 Qf3+ 0-1

[Event "20th EUR-ch"]
[Site "Skopje MKD"]
[Date "2019.03.26"]
[Round "8"]
[White "Paichadze, Luka"]
[Black "Gunduz, Umut Erdem"]
[Result "1-0"]
[WhiteElo "2576"]
[BlackElo "2205"]
[EventDate "2019.03.18"]
[Board "109"]
[PlyCount "57"]

1.e4 Nf6 2.e5 Nd5 3.d4 d6 4.c4 Nb6 5.f4 dxe5 6.fxe5 Nc6 7.Be3 Bf5 8.Nc3 e6
9.Nf3 Bb4 10.Be2 Na5 11.c5 Nbc4 12.Bc1 O-O 13.O-O Bxc3 14.bxc3 b6 15.cxb6 
cxb6 16.Qe1 Rc8 17.Qg3 Kh8 18.Nh4 Be4 19.Rf4 Qd5 20.Rg4 Rg8 21.Qf4 Bc2 22.
Qf2 Be4 23.Bg5 Bg6 24.Rf1 Bh5 25.Rf4 Bxe2 26.Qxe2 Nd6 27.Qh5 Nf5 28.Nxf5 
exf5 29.Rh4 1-0

[Event "20th EUR-ch"]
[Site "Skopje MKD"]
[Date "2019.03.26"]
[Round "8"]
[White "Injac, Teodora"]
[Black "Matvyishen, Viktor"]
[Result "0-1"]
[WhiteElo "2329"]
[BlackElo "2490"]
[EventDate "2019.03.18"]
[Board "110"]
[PlyCount "116"]

1.d4 Nf6 2.Nf3 d5 3.c4 e6 4.Nc3 a6 5.cxd5 exd5 6.Bg5 Be6 7.e3 Nbd7 8.Bd3 
c6 9.O-O Bd6 10.Bf4 Qc7 11.Bxd6 Qxd6 12.h3 h6 13.Nd2 O-O 14.f4 Nb6 15.Nf3 
c5 16.dxc5 Qxc5 17.Nd4 Nc4 18.Qe2 Rfe8 19.Bxc4 dxc4 20.Rad1 b5 21.Qf3 Bd7 
22.Kh2 b4 23.Nce2 Qe7 24.Ng3 Ne4 25.Rfe1 Rac8 26.Rc1 Nxg3 27.Kxg3 Qc5 28.
Kh2 Rc7 29.Qg3 Bc8 30.f5 Qe5 31.Qxe5 Rxe5 32.g4 Ra5 33.Ra1 c3 34.bxc3 Rxc3
35.Kg3 Bb7 36.Rab1 Ra4 37.Rb2 Bd5 38.Nb3 Ra3 39.Kf4 Bxb3 40.axb3 Raxb3 41.
Rxb3 Rxb3 42.Rd1 a5 43.Rd8+ Kh7 44.e4 f6 45.Ra8 Ra3 46.e5 fxe5+ 47.Kxe5 a4
48.h4 b3 49.Rb8 Ra2 50.g5 hxg5 51.hxg5 Rf2 52.Rb7 b2 53.f6 a3 54.Rxg7+ Kh8
55.g6 b1=Q 56.Rh7+ Kg8 57.f7+ Rxf7 58.gxf7+ Kf8 0-1

[Event "20th EUR-ch"]
[Site "Skopje MKD"]
[Date "2019.03.26"]
[Round "8"]
[White "Yordanov, Lachezar"]
[Black "Lodici, Lorenzo"]
[Result "0-1"]
[WhiteElo "2308"]
[BlackElo "2474"]
[EventDate "2019.03.18"]
[Board "111"]
[PlyCount "92"]

1.Nf3 c5 2.b3 b6 3.c4 Bb7 4.Bb2 Nf6 5.g3 e6 6.Bg2 Be7 7.O-O O-O 8.Nc3 a6 
9.a4 Qc7 10.d4 cxd4 11.Qxd4 Nc6 12.Qd1 d6 13.Rc1 Na5 14.Re1 Rac8 15.e4 
Rfe8 16.Nd4 Bf8 17.h3 Qb8 18.Kh2 Nd7 19.Nb1 Qa8 20.Ba3 f5 21.Nd2 Nf6 22.f3
Nc6 23.Nxc6 Bxc6 24.exf5 exf5 25.Qc2 f4 26.gxf4 d5 27.Bxf8 Rxf8 28.f5 Qb8+
29.Kg1 Qf4 30.cxd5 Nxd5 31.Qd3 Qg5 32.Qd4 Nf4 33.Qc4+ Bd5 34.Qf1 Rxc1 35.
Rxc1 Nxh3+ 36.Kh2 Qxd2 37.Kxh3 Rxf5 38.Rc8+ Kf7 39.Rc7+ Kg6 40.Rd7 Qh6+ 
41.Kg3 Qf4+ 42.Kf2 Bxf3 43.Kg1 Qe3+ 44.Kh2 Rh5+ 45.Bh3 Rxh3+ 46.Kxh3 Be2+ 
0-1

[Event "20th EUR-ch"]
[Site "Skopje MKD"]
[Date "2019.03.26"]
[Round "8"]
[White "Ibanez Aullana, Ramon"]
[Black "Draskovic, Luka"]
[Result "0-1"]
[WhiteElo "2283"]
[BlackElo "2449"]
[EventDate "2019.03.18"]
[Board "112"]
[PlyCount "138"]

1.d4 Nf6 2.Nf3 e6 3.e3 b6 4.Bd3 Bb7 5.O-O c5 6.Re1 Be7 7.Nbd2 cxd4 8.exd4 
O-O 9.c3 d6 10.Nf1 Nbd7 11.Ng3 Re8 12.Bc2 Rc8 13.a4 Rc7 14.Ng5 Nf8 15.a5 
b5 16.a6 Bd5 17.Nh3 Ng6 18.Nf4 Nxf4 19.Bxf4 Qa8 20.f3 Rb8 21.Ne4 Rb6 22.
Qd3 g6 23.Qd2 Qd8 24.h4 Rcc6 25.Ra5 Rb8 26.Raa1 Rbb6 27.Ra5 Rb8 28.Rea1 
Rbb6 29.Bg5 b4 30.cxb4 Bxe4 31.fxe4 d5 32.b5 Rc7 33.e5 Ne4 34.Bxe4 dxe4 
35.Bxe7 Qxe7 36.b3 Rc8 37.h5 Qd7 38.h6 Rxb5 39.Rxb5 Qxb5 40.Qf4 Qd3 41.Rf1
Qxd4+ 42.Kh2 f5 43.exf6 Kf7 44.Rf2 e5 45.Rd2 exf4 46.Rxd4 e3 47.Re4 Rc6 
48.g3 Rxa6 49.gxf4 Re6 50.Rxe6 Kxe6 51.Kg3 Kxf6 52.Kf3 g5 53.Kxe3 Kf5 54.
fxg5 Kxg5 55.Kd4 Kxh6 56.Kc5 Kg5 57.b4 h5 58.Kb5 h4 59.Ka6 h3 60.b5 h2 61.
Kxa7 h1=Q 62.b6 Qg1 63.Ka8 Qa1+ 64.Kb8 Qe5+ 65.Ka7 Qa5+ 66.Kb7 Kf6 67.Kc6 
Qa8+ 68.Kc7 Ke7 69.b7 Qd8+ 0-1

[Event "20th EUR-ch"]
[Site "Skopje MKD"]
[Date "2019.03.26"]
[Round "8"]
[White "Unuk, Laura"]
[Black "Haldorsen, Benjamin"]
[Result "0-1"]
[WhiteElo "2266"]
[BlackElo "2448"]
[EventDate "2019.03.18"]
[Board "113"]
[PlyCount "76"]

1.d4 Nf6 2.c4 c5 3.d5 b5 4.Nf3 Qa5+ 5.Bd2 b4 6.Qc2 g6 7.e4 d6 8.h3 Bg7 9.
Bd3 O-O 10.O-O e5 11.dxe6 Bxe6 12.Bf4 Qc7 13.Rd1 Nc6 14.Be2 Rfd8 15.Nbd2 
Nd7 16.Nb3 Nde5 17.Bg5 Re8 18.Nxe5 Nxe5 19.f4 Nc6 20.f5 gxf5 21.Bd3 fxe4 
22.Bxe4 h6 23.Bf4 Rad8 24.Kh1 Ne5 25.Nd2 Qe7 26.Rf1 Nxc4 27.Rf3 d5 28.Bh7+
Kh8 29.Nxc4 dxc4 30.Rg3 Qf6 31.Rf1 Qxb2 32.Qe4 f5 33.Bxf5 Bd5 34.Qb1 Qxb1 
35.Bxb1 Be4 36.Bc7 Rd7 37.Bxe4 Rxe4 38.Bb8 c3 0-1

[Event "20th EUR-ch"]
[Site "Skopje MKD"]
[Date "2019.03.26"]
[Round "8"]
[White "Filip, Lucian-Ioan"]
[Black "Osmanodja, Filiz"]
[Result "1-0"]
[WhiteElo "2438"]
[BlackElo "2326"]
[EventDate "2019.03.18"]
[Board "114"]
[PlyCount "85"]

1.Nf3 Nf6 2.c4 e6 3.g3 d5 4.Bg2 c5 5.cxd5 exd5 6.d4 Nc6 7.O-O c4 8.Nc3 Be7
9.Ne5 O-O 10.Bg5 Be6 11.Nxc6 bxc6 12.b3 cxb3 13.axb3 h6 14.Bxf6 Bxf6 15.
Na4 Bg4 16.Qd3 a5 17.Rfc1 Qe7 18.e3 Qb7 19.Nc5 Qb4 20.h3 Bc8 21.Ra4 Qb6 
22.Rca1 Be7 23.b4 Ba6 24.Nxa6 Rxa6 25.bxa5 Qb7 26.Bf1 Ra7 27.a6 Qd7 28.
R4a2 h5 29.h4 g5 30.hxg5 Bxg5 31.f4 Bf6 32.Rh2 h4 33.g4 Bd8 34.g5 f6 35.
Bh3 Qd6 36.g6 Kg7 37.Bf5 Rh8 38.Rb2 c5 39.dxc5 Qxc5 40.Rb5 Qe7 41.Rab1 
Rxa6 42.Rb7 Bc7 43.Rc1 1-0

[Event "20th EUR-ch"]
[Site "Skopje MKD"]
[Date "2019.03.26"]
[Round "8"]
[White "Perunovic, Miodrag"]
[Black "Tate, Alan"]
[Result "1/2-1/2"]
[WhiteElo "2436"]
[BlackElo "2306"]
[EventDate "2019.03.18"]
[Board "115"]
[PlyCount "91"]

1.d4 d5 2.c4 c6 3.Nf3 Nf6 4.e3 Bg4 5.h3 Bh5 6.cxd5 Bxf3 7.Qxf3 cxd5 8.Nc3 
Nc6 9.Bd3 e6 10.Qe2 Rc8 11.Bd2 Be7 12.O-O O-O 13.f4 Ne8 14.Kh1 f5 15.g4 g6
16.Rg1 Kh8 17.gxf5 exf5 18.Qg2 Bb4 19.Raf1 Ne7 20.Qf3 Ng8 21.Rf2 Ngf6 22.
Rh2 Qd7 23.a3 Bxc3 24.Bxc3 Nd6 25.Bb4 Rfe8 26.Re2 Nde4 27.Qg2 Qa4 28.Kh2 
Qd7 29.Be1 Nd6 30.Qg5 Nfe4 31.Qg2 Qe7 32.Bb4 Qe6 33.Kh1 Rg8 34.Qf3 Nf6 35.
Kh2 Nde4 36.Reg2 Rc7 37.Qd1 Rcg7 38.Qf1 Nh5 39.Qf3 Nhf6 40.Qf1 Qe8 41.Bb5 
Qd8 42.Bd3 Qe8 43.Bb5 Qd8 44.Qf3 Qb6 45.Bd3 Qe6 46.Qf1 1/2-1/2

[Event "20th EUR-ch"]
[Site "Skopje MKD"]
[Date "2019.03.26"]
[Round "8"]
[White "Dinev, Dejan"]
[Black "Banzea, Alexandru-Bogdan"]
[Result "1/2-1/2"]
[WhiteElo "2239"]
[BlackElo "2427"]
[EventDate "2019.03.18"]
[Board "116"]
[PlyCount "95"]

1.d4 Nf6 2.c4 e6 3.g3 d5 4.Bg2 Bb4+ 5.Bd2 Bd6 6.Qc2 c6 7.Nf3 Nbd7 8.O-O 
O-O 9.Bg5 h6 10.Bxf6 Nxf6 11.Nbd2 b6 12.e4 Be7 13.Ne5 Bb7 14.Rfd1 Rc8 15.
Rac1 Qd6 16.Qa4 Qb8 17.exd5 cxd5 18.cxd5 exd5 19.Nc6 Bxc6 20.Rxc6 Rxc6 21.
Qxc6 Rc8 22.Qb5 Qb7 23.Nf1 a6 24.Qb3 Rd8 25.Rc1 Rd6 26.Ne3 g6 27.Qc2 Bd8 
28.b4 Kf8 29.a4 h5 30.h4 Rd7 31.Qb3 Rd6 32.b5 axb5 33.axb5 Qa8 34.Qb4 Be7 
35.Qb3 Ne4 36.Qc2 f5 37.Qc8+ Qxc8 38.Rxc8+ Kf7 39.Rc7 Ke6 40.Bxe4 fxe4 41.
Ng2 g5 42.hxg5 Bxg5 43.Rh7 Kf6 44.Rxh5 Rd7 45.Ne3 Kg6 46.g4 Ra7 47.Kg2 Ra4
48.Nxd5 1/2-1/2

[Event "20th EUR-ch"]
[Site "Skopje MKD"]
[Date "2019.03.26"]
[Round "8"]
[White "Parvanian, Ashot"]
[Black "Milosevic, Milos"]
[Result "1/2-1/2"]
[WhiteElo "2426"]
[BlackElo "2299"]
[EventDate "2019.03.18"]
[Board "117"]
[PlyCount "75"]

1.Nf3 f5 2.d4 Nf6 3.Nc3 d5 4.Bf4 e6 5.e3 Be7 6.h3 O-O 7.Bd3 c5 8.dxc5 Bxc5
9.O-O Nc6 10.a3 a6 11.b4 Bd6 12.Bxd6 Qxd6 13.Na4 b5 14.Nc5 Nd7 15.Nb3 Nde5
16.Nfd4 Nxd3 17.cxd3 e5 18.Nxc6 Qxc6 19.Rc1 Qd6 20.Qc2 f4 21.Qc6 Qxc6 22.
Rxc6 f3 23.Rfc1 fxg2 24.Kxg2 Bf5 25.Nc5 a5 26.Kg3 axb4 27.axb4 Ra2 28.f3 
h5 29.h4 e4 30.dxe4 dxe4 31.Nxe4 Bxe4 32.fxe4 Raf2 33.Rc8 Rf3+ 34.Kg2 Rxe3
35.Rxf8+ Kxf8 36.Rc8+ Kf7 37.Rc7+ Kf6 38.Rc6+ 1/2-1/2